Réponse d'un mort a M. Clément Duvernois / (Record no. 68835)

MARC details
000 -LEADER
campo de control de longitud fija 00510nam a22001695i 4500
001 - NÚMERO DE CONTROL
campo de control 68835
003 - IDENTIFICADOR DE NÚMERO DE CONTROL
campo de control ES-MaACL
005 - FECHA Y HORA DE LA ÚLTIMA TRANSACCIÓN
campo de control 20251004063114.0
007 - CAMPO FIJO DE DESCRIPCIÓN FÍSICA--INFORMACIÓN GENERAL
campo de control de longitud fija t|
008 - DATOS DE LONGITUD FIJA--INFORMACIÓN GENERAL
campo de control de longitud fija 960830s1861 fr ||||1| fre d
100 1# - ENTRADA PRINCIPAL--NOMBRE DE PERSONA
Nombre de persona Girardin, Émile de,
Fechas asociadas al nombre 1806-1881
9 (RLIN) 57233
245 10 - MENCIÓN DEL TÍTULO
Título Réponse d'un mort a M. Clément Duvernois /
Mención de responsabilidad, etc. Emile de Girardin.
260 ## - PUBLICACIÓN, DISTRIBUCIÓN, ETC.
Lugar de publicación, distribución, etc. Paris :
Nombre del editor, distribuidor, etc. Michel Lévy Frères,
Fecha de publicación, distribución, etc. 1861 (
Fabricante Imp. Serriere)
300 ## - DESCRIPCIÓN FÍSICA
Extensión 32 p. ;
Dimensiones 23 cm.
852 4# - LOCALIZACIÓN
Ubicación ES-MaACL
Número de control de estantería T-77-F-10
Holdings
Estatus retirado Estado de pérdida Estado de daño No para préstamo Colección Biblioteca de origen Biblioteca actual Ubicación en estantería Fecha de adquisición Fuente de adquisición Total de préstamos Signatura topográfica completa Código de barras Visto por última vez Precio de reemplazo Tipo de ítem Koha
        Colección de folletos Biblioteca del Ateneo de Madrid Biblioteca del Ateneo de Madrid Depósito folletos 17/01/2008     T-77-F-10 1072083 23/02/2023 23/02/2023 Folleto